| 000 | 00548nam a2200205Ia 4500 | ||
|---|---|---|---|
| 005 | 20260429112229.0 | ||
| 008 | 260429s9999||||xx |||||||||||||| ||und|| | ||
| 020 | _a9788119920570 | ||
| 041 | _aEnglish | ||
| 082 |
_a371.3941 _bMIC |
||
| 100 | _aAquino, John Michael D. | ||
| 245 | 0 |
_aTechniques of classroom teaching / _cJohn Michael D. Aquino |
|
| 250 | _a1st ed. | ||
| 260 |
_aNew Delhi : _bVenus Books, _c2024. |
||
| 300 | _ax, 296 p.; hb | ||
| 650 | _a Classroom teaching | ||
| 650 | _a Teaching | ||
| 650 | _aEducation | ||
| 942 | _cTB | ||
| 999 |
_c53014 _d53014 |
||